000 00452nam a22001697a 4500
005 20180720105059.0
008 160526b xxu||||| |||| 00| 0 eng d
020 _a81-203-1011-X
041 _aeng
082 _b5187
_a658.162
100 _aWeston, J. Fred and Others
_91297
245 _aMergers, Restructuring and Corporate Control
260 _aNew Delhi
_bAcademic Faundation
_c2004
300 _a729p,
650 _aManagement
_9241
942 _cBK
999 _c1816
_d1815